Statistics for This Is Why We Can't Have Nice Things - Taylor Swift (All Lyrics)

Click here to take the quiz!

General Stats

  • This quiz has been taken 19 times
    (8 since last reset)
  • The average score is 390 of 421

Answer Stats

Lyrics% Correct
a
100%
about
100%
all
100%
an
100%
(And
100%
and
100%
And
100%
(Away)
100%
away
100%
(Baby,
100%
(Baby),
100%
baby
100%
Because
100%
break
100%
call
100%
can't
100%
'Cause
100%
champagne
100%
darlin'
100%
(Darlin')
100%
do
100%
don't
100%
drama
100%
for
100%
forgiveness
100%
friend
100%
friends
100%
Had
100%
had
100%
have
100%
have)
100%
He
100%
he
100%
hear
100%
here
100%
here's
100%
Here's
100%
I
100%
is
100%
It
100%
it
100%
lately
100%
listen
100%
mama
100%
me?
100%
me
100%
my
100%
(Nice
100%
nice
100%
Nice
100%
no
100%
no),
100%
no)
100%
real
100%
said
100%
said,
100%
said)
100%
say
100%
she
100%
take
100%
the
100%
them,
100%
them
100%
there
100%
There
100%
They
100%
(They
100%
they
100%
thing
100%
things,
100%
things
100%
things)
100%
think
100%
this
100%
(This
100%
This
100%
to
100%
toast
100%
up
100%
was,
100%
was
100%
we
100%
when
100%
why
100%
with
100%
you
100%
big
86%
But
86%
care
86%
chance
86%
Did
86%
even
86%
face
86%
giving
86%
I'm
86%
in
86%
mind
86%
(Oh)
86%
(Oh,
86%
oh)
86%
Oh)
86%
on
86%
parties
86%
rules
86%
sea
86%
second
86%
show
86%
So
86%
so
86%
straight
86%
throwin'
86%
try
86%
twist
86%
what
86%
wouldn't
86%
again
71%
ain't
71%
are
71%
back
71%
balcony
71%
Everyone
71%
Gatsby
71%
Get
71%
Haha,
71%
honey
71%
issue,
71%
lost
71%
not
71%
only
71%
phone
71%
pool
71%
readin'
71%
shady
71%
shakin'
71%
stabbed
71%
swimmin'
71%
trick
71%
uh)
71%
(Uh,
71%
weren't
71%
whole
71%
year
71%
you've
71%
axe
57%
being
57%
chandelier
57%
Feelin'
57%
from
57%
gates
57%
hand
57%
If
57%
into
57%
Jump
57%
locking
57%
mended
57%
mmm)
57%
(Mmm,
57%
parade?
57%
rain
57%
that
57%
while
57%
why'd
57%
(Yeah)
57%
Bass
43%
beat
43%
didn't
43%
fence
43%
head
43%
lies
43%
rattling
43%
shaking
43%
therein
43%
took
43%

Score Distribution

Percentile by Number Answered

Percent of People with Each Score

Your Score History

You have not taken this quiz since the last reset